Statistiques concernant Batailles 2e guerre mondiale

Cliquez ici pour prendre le quiz!

Statistiques générales

  • Ce quiz a été pris 133 fois
  • Le résultat moyen est 2 sur 12

Statistiques - réponses

Bataille% Correct
Midway
48%
Bataille de Stalingrad
32%
Pearl Harbor
32%
El Alamein
28%
bataille de France
23%
Débarquement de Normandie
20%
Bataille de Koursk
18%
Bataille d'Angleterre
17%
Débarquement de Provence
4%
Opération Barbarossa
2%
Bir Hakeime
0%
Opération Weserübung
0%

Distribution des résultats

Percentile par nombre de réponses

% des personnes avec chaque résultat

Votre développement - résultats

Vous n’avez pas pris ce quiz